| 000 | 00450nam a2200181Ia 4500 | ||
|---|---|---|---|
| 001 | 16051 | ||
| 005 | 20260306170241.0 | ||
| 008 | 260306t2021||||xx |||||||||||||| ||und|| | ||
| 041 | _aESP | ||
| 082 |
_a346.6 _bA54 |
||
| 100 |
_aD'Amico, Giovanni, _eAUT |
||
| 245 | 0 |
_aCovid-19 : _bsu impacto en las relaciones jurídicas privadas |
|
| 260 | _c2021 | ||
| 300 |
_a318 páginas : _c |
||
| 650 | _aGEN | ||
| 654 | _aCDE | ||
| 942 |
_cLIB _dJUS _fJUS _2ddc _n |
||
| 999 |
_c16051 _d16051 |
||